Life cycle costing for facilities : (Record no. 532507)

000 -LEADER
fixed length control field 01598cam a22003857a 4500
001 - CONTROL NUMBER
control field 13646067
003 - CONTROL NUMBER IDENTIFIER
control field NUST
005 - DATE AND TIME OF LATEST TRANSACTION
control field 20191122110736.0
008 - FIXED-LENGTH DATA ELEMENTS--GENERAL INFORMATION
fixed length control field 040706s2003 maua b 001 0 eng d
010 ## - LIBRARY OF CONGRESS CONTROL NUMBER
LC control number 2004301159
020 ## - INTERNATIONAL STANDARD BOOK NUMBER
International Standard Book Number 0876297025
035 ## - SYSTEM CONTROL NUMBER
System control number (OCoLC)ocm53314504
038 ## - RECORD CONTENT LICENSOR
Staff Name MSOHAIL
040 ## - CATALOGING SOURCE
Original cataloging agency IG#
Transcribing agency IG#
Modifying agency IQU
-- OCLCQ
-- DLC
042 ## - AUTHENTICATION CODE
Authentication code lccopycat
050 00 - LIBRARY OF CONGRESS CALL NUMBER
Classification number TH437
Item number .D425 2003
082 00 - DEWEY DECIMAL CLASSIFICATION NUMBER
Classification number 658.2
Edition number 22
100 1# - MAIN ENTRY--PERSONAL NAME
Personal name Dell'Isola, Alphonse J.
9 (RLIN) 26064
245 10 - TITLE STATEMENT
Title Life cycle costing for facilities :
Remainder of title economic analysis for owners and professionals in planning, programming, and real estate development : designing, specifying, and construction, maintenance, operations, and procurement /
Statement of responsibility, etc. Alphonse J. Dell'Isola and Stephen J. Kirk.
260 ## - PUBLICATION, DISTRIBUTION, ETC.
Place of publication, distribution, etc. Kingston, MA :
Name of publisher, distributor, etc. Reed Construction Data,
Date of publication, distribution, etc. c2003.
300 ## - PHYSICAL DESCRIPTION
Extent xxiv, 396 p. :
Other physical details ill. ;
Dimensions 29 cm.
504 ## - BIBLIOGRAPHY, ETC. NOTE
Bibliography, etc. note Includes bibliographical references (p. 377-382) and index.
650 #0 - SUBJECT ADDED ENTRY--TOPICAL TERM
Topical term or geographic name entry element Buildings
General subdivision Maintenance
-- Cost effectiveness.
9 (RLIN) 26065
650 #0 - SUBJECT ADDED ENTRY--TOPICAL TERM
Topical term or geographic name entry element Life cycle costing.
9 (RLIN) 26066
650 #0 - SUBJECT ADDED ENTRY--TOPICAL TERM
Topical term or geographic name entry element Engineering economy.
9 (RLIN) 26067
650 #0 - SUBJECT ADDED ENTRY--TOPICAL TERM
Topical term or geographic name entry element Construction industry
General subdivision Cost effectiveness.
9 (RLIN) 26068
650 #0 - SUBJECT ADDED ENTRY--TOPICAL TERM
Topical term or geographic name entry element Building
General subdivision Estimates.
9 (RLIN) 7436
650 #0 - SUBJECT ADDED ENTRY--TOPICAL TERM
Topical term or geographic name entry element Building
General subdivision Cost control.
9 (RLIN) 24737
650 #0 - SUBJECT ADDED ENTRY--TOPICAL TERM
Topical term or geographic name entry element Service life (Engineering)
9 (RLIN) 26069
650 #0 - SUBJECT ADDED ENTRY--TOPICAL TERM
Topical term or geographic name entry element Product life cycle.
9 (RLIN) 2232
700 1# - ADDED ENTRY--PERSONAL NAME
Personal name Kirk, Stephen J.
9 (RLIN) 26070
906 ## - LOCAL DATA ELEMENT F, LDF (RLIN)
a 7
b cbc
c copycat
d 2
e ncip
f 20
g y-gencatlg
942 ## - ADDED ENTRY ELEMENTS (KOHA)
Source of classification or shelving scheme
Koha item type Book
Holdings
Withdrawn status Lost status Source of classification or shelving scheme Damaged status Not for loan Permanent Location Current Location Date acquired Total Checkouts Full call number Barcode Date last seen Price effective from Koha item type
          School of Civil and Environmental Engineering (SCEE) School of Civil and Environmental Engineering (SCEE) 11/22/2019   658.2 NIT-12393 11/22/2019 11/22/2019 Book
© 2023 Central Library, National University of Sciences and Technology. All Rights Reserved.